00597 a2200181 4500003000400000005001700004008004100021020001800062040000900080082001900089100002800108245004100136260003900177300000900216942004400225952012900269999001700398OSt20231220123220.0231220b |||||||| |||| 00| 0 eng d a7988181438010 coclc a891.433bMIS/P aMishra, Ramdarash 9415 aPANI KE PRACHEER /cRamdharsh Mishra aNew Delhi:bVani Prakashan,c2008. a227p 2ddccBKh891.433iMIS/Pk891.433mMIS/P 00102ddc40708FICaMESbMEScHINd2023-12-20l0o891.433 MIS/Pp43142r2023-12-20 12:32:58v395.00w2023-12-20yBKzGR7R2 c43508d43508